00519nam a22001937a 450000500170000000800410001702000180005804000070007604100120008308200140009510000130010924500380012226000380016030000290019836500530022765000140028070000160029470000150031020260513141509.0260506b |||||||| |||| 00| 0 eng d a9789382956969 cAL aEnglish a546bPURP aB R Puri aPrinciples of inorganic chemistry aDelhibVishal Publishing Coc2023 axii,1175p.bPBc24x18cm. a6831b₹828.00c₹d₹920.00e10%f14-03-2026 aChemistry aSharma, L R aKalia, K C